Religion Quiz

Random Religion or Popular Quiz

Baby Names: The Bible Quiz Stats

 Plays Quiz Updated May 2, 2018

Challenge
Share
Tweet
Embed
Score 0/93 Timer 09:00
2 Plays Today
Names % Correct
John (26)
93.8%
Matthew (13)
86.2%
Jesus (78)
84.4%
Luke (48)
84.1%
Mark (154)
83.6%
Paul (160)
81.2%
Peter (191)
80.3%
Joseph (16)
78.8%
David (14)
77.8%
Adam (74)
74.1%
James (18)
71.5%
Abraham (183)
71.2%
Jacob (1)
67.2%
Moses (504)
64.7%
Daniel (7)
63.5%
Dan (939)
63.3%
Aaron (54)
61.8%
Noah (9)
61.8%
Joshua (6)
59.2%
Abel (328)
58.8%
Michael (3)
58.7%
Isaac (421)
58.5%
Samuel (27)
56.9%
Thomas (57)
56.5%
Andrew (15)
53.5%
Benjamin (20)
53.5%
Saul (355)
53.4%
Cain (987)
52.8%
Simon (263)
51.3%
Timothy (110)
49.9%
Eli (90)
49.7%
Names % Correct
Jonah (148)
49.4%
Jeremiah (65)
48.9%
Solomon (458)
45%
Isaiah (41)
44.8%
Elijah (21)
42%
Nathan (24)
40.7%
Gabriel (22)
39.9%
Zachariah (432)
39.4%
Jonathan (30)
39.1%
Ezekiel (227)
38.8%
Jude (182)
38.3%
Stephen (201)
37%
Philip (395)
34.6%
Seth (140)
33.7%
Micah (118)
33.2%
Judah (326)
32.4%
Caleb (31)
32.2%
Levi (88)
31.4%
Nathaniel (76)
30.8%
Amos (997)
30.8%
Ezra (259)
30.4%
Samson (882)
29.4%
Joel (115)
28.6%
Alexander (4)
28.3%
Abram (493)
26.7%
Josiah (87)
25.3%
Titus (439)
25.2%
Malachi (167)
25%
Christian (23)
24.2%
Jason (66)
24%
Israel (211)
23.7%
Names % Correct
Elisha (709)
23.5%
Simeon (963)
23.4%
Jesse (113)
23%
Reuben (895)
22.9%
Jordan (45)
22.1%
Nicholas (32)
21.8%
Ethan (2)
21.5%
Asher (165)
21.5%
Nehemiah (360)
20.1%
Gideon (549)
18.9%
Matthias (761)
18.2%
Thaddeus (952)
15.9%
Jared (213)
15.7%
Silas (254)
15.5%
Darius (334)
15%
Emmanuel (146)
14.3%
Uriah (594)
14%
Angel (37)
14%
Asa (553)
12.9%
Hezekiah (878)
12.7%
Raphael (634)
12.6%
Cyrus (520)
10.9%
Tobias (506)
10.7%
Felix (339)
10.3%
Augustus (797)
10.3%
Zion (240)
10.1%
Cornelius (987)
9.5%
Omar (153)
8.9%
Messiah (663)
8.9%
Eliezer (999)
8.3%
Jair (798)
8.3%

You're not logged in!

Compare scores with friends on all Sporcle quizzes.
Join for Free
OR
Log In

You Might Also Like...

Show Comments

Extras

Top Quizzes Today


Score Distribution

Your Account Isn't Verified!

In order to create a playlist on Sporcle, you need to verify the email address you used during registration. Go to your Sporcle Settings to finish the process.

Report this User

Report this user for behavior that violates our Community Guidelines.

Details: